000 00644nam a2200193Ia 4500
003 IN-BaIIA
008 211028s9999 xx 000 0 eng d
040 _cIIA Library
080 _a083.7:693.156
_bISI
110 _aIndian Standards Institution
245 0 _aIndian Standard Code of Practice for Construction of Stone Masonry
_bpt. II, Ashlar Masonry
_cIndian Standards Institution
260 _aNew Delhi
_bIndian Standards Institution
_c1967
300 _a10p.
650 _aAshlar Masonry
_914808
650 _aNASA Thesaurus
650 _aStandards
_98876
650 _aStone Masonry
_914809
942 _cBK
999 _c8803
_d8803